LOTR Characters' First Lines Quiz Stats

 Plays Quiz Updated Sep 16, 2014

Challenge
Share
Tweet
Embed
Score 0/36 Timer 10:00
1 Play Today
Quote Character % Correct
'Ach, sss! Cautious, my precious! We musstn't risk our neck, musst we, precious? No precious- gollum!'...'We hate it,'...'Nassty shivery light it is- it hurts our eyes!'Gollum
75.6%
'Yes,' ... 'I am very fond of it, and of all the dear old Shire; but I think I need a holiday.'Bilbo Baggins
71.9%
'Hey dol! merry dol! ring a dong dill! Ring a dong! hop along! fal lal the willow! (name) Bom, jolly (name), (name)!'Tom Bombadil
63.3%
'You speak justly, lord,'...'It is not yet five since the tidings came that Théodred your son was slain on the West Marches. Why indeed should we welcome you, Master Stormcrow?'Wormtongue
61.5%
'I greet you,'...'and maybe you look for welcome. But truth to tell your welcome is doubtful here, Master Gandalf. Why should I welcome you, Gandalf Stormcrow? Tell me that.'Théoden
60.6%
'I am called (name),' ... 'I am very pleased to meet you, Master- Underhill, if old Butterbur got your name right.'Aragorn
59.4%
'Nay, there was no change of counsel,' ... 'Gandalf the Grey set out with the Company, but I cannot see him from afar, unless he comes within the fences of Lothlorien.'Galadriel
57.3%
'Almost felt you liked the Forest! That's good!' ... 'Turn around and let me have a look at your faces. I almost feel that I dislike you both, but do not let us be hasty.'Treebeard
57.2%
'Dark indeed is the hour,' ... 'and at such times you are wont to come, Mithrandir. It has been told to me that you bring with you one who saw my son die. Is this he?'Denethor
56%
'No, you don't, Sam!' ... 'It is good for him. He's got nothing except what he ordered us to pack. He'll feel the weight less when he's walked off some of his own.'Peregrin Took
49.8%
'So that is what became of the Ring!' ... 'We believed that it perished from the world in the ruin of his first realm. Isildur took it! That is tidings indeed.'Boromir
45.7%
'Alas, alas!' ... 'The tidings that I was sent to bring must now be told. Only here have I learned how evil they may seem to this company. Sméagol has escaped.Legolas
40.3%
'Ferthu Théoden hál!' ... 'Receive now this cup and drink in happy hour. Health be with thee at thy going and coming!'Éowyn
40.3%
'Hullo, Sam!' ... 'Where've you been? They said you were dead; but I've been expecting you since the Spring. You haven't hurried, have you?'Rose Cotton
39.1%
'Who are you, and what are you doing in this land?'Éomer
34.7%
'Has he gone?'Frodo Baggins
32.8%
'Now let the song begin! Let us sing together... Old Tom Bombadil and the River-Daughter!'Goldberry
32.3%
'Nay! Not Elves,' ... 'Elves do not walk in Ithilien these days. And Elves are wondrous fair to look upon, or so 'tis said.'Faramir
32.2%
Quote Character % Correct
'Old fool!' ... 'Old fool! This is my hour. Do you know not Death when you see it? Die now and curse in vain!'The Witch-King of Angmar
31.2%
'I am the doorward of Théoden,' ... '(name) is my name. Here I must bid you lay aside your weapons before you enter.'Háma
30.4%
'Ha, hmm, let us go for a walk!'...'I am (name), that is (name) in your language. They have called me that ever since I said yes to an elder Ent before he finished the question.'Quickbeam
28.8%
'Only one thing is clear to me,' ... 'and that is that you are doing exceedingly well out of it. I insist on seeing the will.'Otho Sackville-Baggins
26.3%
'But that can only mean going into the Old Forest!' ... 'You can't be thinking of doing that! It is quite as dangerous as Black Riders!'Fredegar Bolger
25.6%
'Awake, little master!' ... 'Now at last the hour has come that you have wished for, Frodo.'Elrond
25%
'Faithless is he that says farewell when the road darkens.'Gimli
24.4%
'Is there anyone in this rout with authority to treat with me?' ... 'Or indeed with wit to understand me?' ... 'Why, any brigand of the hills can show as good a following!'The Mouth of Sauron
23.5%
'Queer things you do hear these days, to be sure.'Samwise Gamgee
22.8%
'You are Peregrin the Halfling?' ... 'I am told that you have been sworn to the service of the Lord and of the City. Welcome!'Beregond
22%
'Hola! Gorbag! What are you doing up here? Had enough of war already?'Shagrat
21.8%
'Run away now!' ... 'You will get plenty when the time comes!'Gandalf
21.4%
'Do you wonder at that, Ring-bearer?' ... 'He is ancient in years now, according to his kind; and he awaits you, for he will not again make any long journey save one.'Arwen
19.6%
'He is indisposed,' ... 'He is resting.'Meriadoc Brandybuck
18.2%
'Well,' ... 'Why must you disturb my rest? Will you give no peace at all by light or day?'Saruman
16.6%
'No, father of Horse-men,' ... 'we fight not. Hunt only. Kill gorgûn in woods, hate orc-folk. We help as we can. Wild Men have long ears and long eyes; know all paths.'Ghân-buri-Ghân
16.1%
'I would bear you,' ... 'whither you will, even were you made of stone.'Gwaihir
13.6%
'That is a very interesting remark,' ... 'I may have to report that. The prisoners are NOT to be searched or plundered: those are my orders.'Grishnákh
9%

You're not logged in!

Compare scores with friends on all Sporcle quizzes.
OR
Log In

You Might Also Like...

Show Comments

Extras

Top Quizzes Today


Score Distribution

Your Account Isn't Verified!

In order to create a playlist on Sporcle, you need to verify the email address you used during registration. Go to your Sporcle Settings to finish the process.

Report this User

Report this user for behavior that violates our Community Guidelines.

Details: